01017nam a2200265Ia 4500003000400000005001700004008004100021020001800062040001800080041000800098082001800106100002900124245009300153250001200246260005500258300002800313650004200341650005100383650004900434700003000483700003200513942002700545999001900572952016000591OSt20240927110955.0210716s2016 xx 000 0 und d a9788120352285 cAIMIT LIBRARY aeng a382 21bDANJ aDaniels, John D.9180475 aGlobalization and business /cBy John D Daniels, Lee H Raderbaugh and Daniel P Sullivan. a1st ed. aNew Delhi :bPHI Learning private limited ,c2016. axiii,399p. ;bPBc24 cm aOperational objects and means9180476 aManaging the international value chain9180477 aControlling international operations9180478 aRadebaugh, Lee H.9180479 aSullivan, Daniel P.9180480 2ddccBKe1stk382 DANJ c209866d209866 00102ddc40708MBAaAIMITbAIMITd2016-10-20g450.00iBill no:275; Bill dt:2016-10-08l0o382 DANJpMBA12432r2026-05-23 00:00:00v360.00w2021-07-16yBK